00403nam a22001337a 450000500170000002000180001708200100003524501080004526000420015330000150019565000240021070000180023470000170025220260103122022.0 a9789814287326 a530.1 aRecent developments in theoretical physics :bstatistical science and interdisciplinary research vol. 9 aSingapore:bWorld Scientific ,c2010. axiii,423p. aTheoretical physics aSankar K. Pal aGhosh, Subir